MARC details
| 000 -LEADER |
| campo de control de longitud fija |
01881nam a22003855i 4500 |
| 001 - NÚMERO DE CONTROL |
| campo de control |
162348 |
| 003 - IDENTIFICADOR DE NÚMERO DE CONTROL |
| campo de control |
ES-MaACL |
| 005 - FECHA Y HORA DE LA ÚLTIMA TRANSACCIÓN |
| campo de control |
20250727063148.0 |
| 008 - DATOS DE LONGITUD FIJA--INFORMACIÓN GENERAL |
| campo de control de longitud fija |
960207s1786 it |||| | ita d |
| 040 ## - FUENTE DE CATALOGACIÓN |
| Centro catalogador/agencia de origen |
CAM |
| Lengua de catalogación |
spa |
| Centro/agencia transcriptor |
CAM |
| 080 ## - NÚMERO DE LA CLASIFICACIÓN DECIMAL UNIVERSAL |
| Número de la Clasificación Decimal Universal |
821.134.2-1(082.2)"15" |
| 245 00 - MENCIÓN DEL TÍTULO |
| Título |
Poesías de veinte i dos autores españoles del siglo décimo sexto / |
| Mención de responsabilidad, etc. |
tradotte in lingue italiana da Gianfrancesco Masdeu |
| 246 1# - FORMA VARIANTE DEL TITULO |
| Título propio/Titulo breve |
Poesie di ventidue autori Spagnuoli del Cinquecento |
| 260 ## - PUBLICACIÓN, DISTRIBUCIÓN, ETC. |
| Lugar de publicación, distribución, etc. |
Roma : |
| Nombre del editor, distribuidor, etc. |
per Luigi Perego Salvioni, |
| Fecha de publicación, distribución, etc. |
1786 |
| 300 ## - DESCRIPCIÓN FÍSICA |
| Extensión |
2 tomos en 1 volumen (229, [1], [2] en blanco ; [3], 234-514 páginas ; |
| Dimensiones |
12º |
| Otras características físicas |
|
| 530 ## - NOTA DISPONIBLE DE FORMULARIO FÍSICO ADICIONAL |
| Nota de formato físico adicional disponible |
Disponible en formato digital |
| 546 ## - NOTA DE IDIOMA |
| Nota de lengua/lenguaje |
Texto paralelo en español e italiano<br/> |
| 594 ## - NOTA AL TITULO Y MENCION DE RESPONSABILIDAD |
| Nota |
Título de la portada contrapuesta: Poesie di ventidue autori Spagnuoli del Cinquecento |
| 597 ## - NOTA A LA DESCRIPCION FISICA |
| Nota |
Sign.: Sign.: a-i¹², k8 ; l-m8, n-y¹², z6. |
| 597 ## - NOTA A LA DESCRIPCION FISICA |
| Nota |
Tomo 2 con portada propia |
| 597 ## - NOTA A LA DESCRIPCION FISICA |
| Nota |
Portada con adorno xilográfico |
| 650 #4 - PUNTO DE ACCESO ADICIONAL DE MATERIA--TÉRMINO DE MATERIA |
| Término de materia o nombre geográfico como elemento de entrada |
Poesías españolas- |
| Subdivisión cronológica |
S.XVI-XVII |
| 9 (RLIN) |
16219 |
| 655 #7 - TERMINO DE INDIZACIÓN--GENERO/FORMA |
| Datos o término principal de género/forma |
Poesías |
| 9 (RLIN) |
176539 |
| 700 1# - ENTRADA AGREGADA--NOMBRE PERSONAL |
| Nombre de persona |
Masdéu, Juan Francisco, |
| Fechas asociadas al nombre |
1744-1817 |
| Término indicativo de función/relación |
Traductor |
| 9 (RLIN) |
129694 |
| 700 1# - ENTRADA AGREGADA--NOMBRE PERSONAL |
| Nombre de persona |
Perego Salvioni, Luigi, |
| Fechas asociadas al nombre |
fl.1781-1811 |
| Término indicativo de función/relación |
Impresor |
| 9 (RLIN) |
241400 |
| 752 ## - ENTRADA AGREGADA--NOMBRE JERÁRQUICO DEL LUGAR |
| País o entidad superior |
Italia- |
| Ciudad |
Roma |
| 852 ## - LOCALIZACIÓN |
| Ubicación |
ES-MaACL |
| Ubicación en estantería |
Depósito |
| Signatura antigua |
Olim: D-337 |
| Marcas de propiedad |
Ex-libris de Celestino Acevedo |
| Número de control de estantería |
R-491 |
| Encuadernación |
Piel con hierros, no original de la época |
| 856 ## - LOCALIZACIÓN Y ACCESO ELECTRÓNICOS |
| Identificador Uniforme de Recursos |
<a href="https://bdh-rd.bne.es/viewer.vm?id=0000087648&page=1">https://bdh-rd.bne.es/viewer.vm?id=0000087648&page=1</a> |
| Texto de enlace |
Versión en línea |
| Nota pública |
(Biblioteca Digital Hispánica) |
| 856 ## - LOCALIZACIÓN Y ACCESO ELECTRÓNICOS |
| Identificador Uniforme de Recursos |
<a href="https://patrimoniodigital.ucm.es/s/patrimonio/item/690647">https://patrimoniodigital.ucm.es/s/patrimonio/item/690647</a> |
| Texto de enlace |
Versión en línea: t. 1 |
| Nota pública |
(Patrimonio Digital Complutense) |
| 857 ## - LOCALIZACIÓN Y ACCESO ELECTRÓNICOS_2
|
| Identificador Uniforme de Recursos |
<a href="https://patrimoniodigital.ucm.es/s/patrimonio/item/690658">https://patrimoniodigital.ucm.es/s/patrimonio/item/690658</a> |
| Texto de enlace |
Versión en línea: t. 2 |
| Nota pública |
(Patrimonio Digital Complutense) |
| 942 ## - ELEMENTOS DE ENTRADA SECUNDARIOS (KOHA) |
| Tipo de ítem Koha |
Libro impreso antiguo |
| Suprimir en OPAC |
No |